000 00557nam a2200181 i 4500
001 104512
003 ES-MaACL
007 t|
008 051130s1964 ag ||||1| spa d
100 1 _aMiller, Henry,
_d1891-1980
_9242368
245 1 0 _aTrópico de Cáncer /
_cHenry Miller; traducido por Mario Guillermo Iglesias.
250 _a3ª ed.
260 _aBuenos Aires :
_bSantiago Rueda,
_c1964.
300 _a300 p. ;
_c21 cm.
700 1 _aIglesias, Mario Guillermo.
_965089
852 _aES-MaACL
_jE-7582
_bR.92085
999 _c104512
_d104512